Loading...
| History - European | 0 | 9 | 0 | 0 | 90 | 32 | 56.11 | 4 | 9 | 0.00 | 0.00 |
| Literature - European | 0 | 6 | 0 | 1 | 60 | 56 | 87.83 | 2 | 4 | 0.00 | 0.00 |
| History - World | 0 | 5 | 0 | 1 | 50 | 34 | 73.00 | 2 | 5 | 0.00 | 0.00 |
| Literature - British | 0 | 5 | 0 | 0 | 50 | 20 | 49.80 | 2 | 5 | 0.00 | 0.00 |
| Philosophy | 0 | 5 | 1 | 0 | 45 | 58 | 73.40 | 3 | 5 | 0.00 | 0.00 |
| History - American | 0 | 4 | 0 | 0 | 40 | 51 | 62.50 | 1 | 4 | 0.00 | 0.00 |
| Religion | 0 | 4 | 0 | 1 | 40 | 34 | 71.75 | 1 | 4 | 0.00 | 0.00 |
| History - Other | 0 | 4 | 1 | 2 | 35 | 65 | 84.50 | 2 | 4 | 0.00 | 0.00 |
| Social Science | 0 | 3 | 0 | 1 | 30 | 89 | 102.33 | 1 | 2 | 0.00 | 0.00 |
| Fine Arts - Classical Music | 0 | 3 | 0 | 2 | 30 | 107 | 109.00 | 0 | 2 | 0.00 | 0.00 |
| Literature - World | 0 | 3 | 0 | 1 | 30 | 26 | 71.33 | 2 | 2 | 0.00 | 0.00 |
| Science - Biology | 0 | 3 | 0 | 0 | 30 | 61 | 64.67 | 0 | 1 | 0.00 | 0.00 |
| Mythology | 0 | 2 | 0 | 0 | 20 | 24 | 50.00 | 1 | 2 | 0.00 | 0.00 |
| Science - Other | 0 | 2 | 0 | 1 | 20 | 65 | 99.00 | 0 | 1 | 0.00 | 0.00 |
| Literature - American | 0 | 2 | 0 | 0 | 20 | 78 | 88.00 | 1 | 2 | 0.00 | 0.00 |
| Fine Arts - Other | 0 | 2 | 0 | 0 | 20 | 76 | 76.50 | 1 | 2 | 0.00 | 0.00 |
| Geography | 0 | 2 | 0 | 0 | 20 | 82 | 88.00 | 0 | 2 | 0.00 | 0.00 |
| Science - Physics | 0 | 1 | 0 | 0 | 10 | 55 | 55.00 | 0 | 1 | 0.00 | 0.00 |
| Fine Arts - Painting and Sculpture | 0 | 1 | 0 | 0 | 10 | 120 | 120.00 | 0 | 1 | 0.00 | 0.00 |
| Science - Chemistry | 0 | 1 | 0 | 1 | 10 | 99 | 99.00 | 0 | 1 | 0.00 | 0.00 |
| Current Events | 0 | 1 | 1 | 0 | 5 | 57 | 57.00 | 1 | 1 | 0.00 | 0.00 |